| 000 | 00474 a2200169 4500 | ||
|---|---|---|---|
| 003 | OSt | ||
| 005 | 20231121144110.0 | ||
| 008 | 231121b |||||||| |||| 00| 0 eng d | ||
| 020 | _a9789352533343 | ||
| 040 | _coclc | ||
| 082 |
_a571.2 _bJAI/F |
||
| 100 |
_aJain, V K _91322 |
||
| 245 |
_aFundamentals.of Plant Physiology / _cDr. V K Jain |
||
| 260 |
_aNew Delhi: _bS Chand, _c2019. |
||
| 300 | _a723p | ||
| 942 |
_2ddc _cBK _h571.2 _iJAI/F _k571.2 _mJAI/F |
||
| 999 |
_c43666 _d43666 |
||